000 01136nac a22003011i 4500
003 EG-ScBUE
005 20240905084257.0
008 240905s2007 njua f b 001 0 eng d
020 _a9780131423848
020 _a0131565362
035 _a(OCoLC)ocm76941007
040 _aEG-ScBUE
_beng
_erda
_cEG-ScBUE
_dEG-ScBUE
082 0 4 _a511.5
_bAGN
_222
100 1 _aAgnarsson, Geir,
_eauthor.
245 1 0 _aGraph theory :
_bmodeling, applications, and algorithms /
_cGeir Agnarsson, Department of Mathematics, George Mason University, Raymond Greenlaw, School of Computing, Armstrong Atlantic State University.
250 _aPearson international edition.
264 1 _aUpper Saddle River, N.J. :
_bPearson Prentice Hall,
_c2007.
300 _axvii, 446 pages :
_billustrations ;
_c25 cm
336 _2rdacontent
_atext
_btxt
337 _aunmediated
_2rdamedia
_bn
338 _avolume
_bnc
_2rdacarrier
504 _aIncludes bibliographical references and index.
650 7 _aGraph theory.
_2BUEsh
650 7 _aAlgorithms.
_2BUEsh
655 _vReading book
700 1 _aGreenlaw, Raymond,
_eauthor.
942 _cBB
_2ddc
999 _c2873
_d2873